Hacia una interpretación de la resistencia y lucha indígena /

Tallennettuna:
Bibliografiset tiedot
Päätekijä: Arellano Sánchez, José
Aineistotyyppi: Teksti
Aiheet:
Tagit: Lisää tagi
Ei tageja, Lisää ensimmäinen tagi!

MARC

LEADER 00000 a a2200000 04500
001 45900
003
040
100 |a Arellano Sánchez, José  
245 |a Hacia una interpretación de la resistencia y lucha indígena /  |c José Arellano Sánchez  
650 |a MEXICO  
650 |a PUEBLO INDIGENA  
650 |a ECONOMIA  
773 |g número72 (1994), páginas 28-34  
999 |c 39759  |d 39759